[Event "Debrecen"]
[Site "Debrecen"]
[Date "1990.??.??"]
[Round "4"]
[White "Dorfman, Josif D"]
[Black "Adorjan, Andras"]
[Result "1-0"]
[WhiteElo "2595"]
[BlackElo "2520"]
[Annotator "Ftacnik,L"]
[PlyCount "77"]
[EventDate "1990.06.??"]
[EventType "tourn"]
[EventRounds "11"]
[EventCountry "HUN"]
[EventCategory "13"]
[SourceTitle "CBM 020"]
[Source "ChessBase"]
[SourceDate "1991.02.01"]
[SourceVersion "1"]
[SourceVersionDate "1991.02.01"]
[SourceQuality "1"]

1. d4 {Schussler} Nf6 2. c4 e6 3. Nf3 b6 4. g3 Ba6 5. Nbd2 Bb7 6. Bg2 c5 7. e4
cxd4 (7... Nxe4 8. Ne5 Nc3 9. Qh5 g6 10. Qh3) 8. e5 Ne4 9. O-O Nxd2 10. Bxd2
Bc5 $6 (10... Qc7 {Schussler} 11. Nxd4 Bxg2 12. Kxg2 Qxc4 13. Rc1 Qd5+ 14. Qf3
Qxf3+ 15. Kxf3 Na6 16. Nb5 f6 $13 {Dorfman-Polugajevskij, Moskau (GMA-open)
1990.}) 11. b4 Be7 12. b5 $1 (12. Nxd4 Bxg2 13. Kxg2 Nc6 $10) 12... d3 $2 (
12... d6 $14) 13. Bc3 $1 a6 14. Qxd3 axb5 15. cxb5 Ra3 16. Nd2 $1 Qc7 17. Nc4
Bxg2 18. Kxg2 Ra4 19. Nd6+ Bxd6 20. exd6 Qb7+ 21. Kg1 O-O 22. a3 $18 {x Nb8}
Rg4 23. f4 h5 24. Rac1 Rg6 25. Be5 h4 26. a4 Qa8 27. Rc4 Re8 28. Qf3 Qd5 29.
Rc2 hxg3 30. hxg3 f6 31. Qxd5 exd5 32. f5 Rg5 (32... Rg4 33. Bf4 {/\ Kg2+-})
33. Bf4 Rxf5 34. g4 Rxf4 35. Rxf4 Kf7 36. Rd4 Rh8 37. Rxd5 Ke6 38. Rd3 Ke5 39.
Kg2 {Ftacnik,L} 1-0

[Event "Sigeman & Co 10th"]
[Site "Malmo"]
[Date "2002.06.07"]
[Round "2"]
[White "Nielsen, Peter Heine"]
[Black "Stefansson, Hannes"]
[Result "1-0"]
[WhiteElo "2636"]
[BlackElo "2598"]
[Annotator "Ftacnik,L"]
[PlyCount "77"]
[EventDate "2002.06.06"]
[EventType "tourn"]
[EventRounds "9"]
[EventCountry "SWE"]
[EventCategory "13"]
[SourceTitle "CBM 090"]
[Source "ChessBase"]
[SourceDate "2002.09.20"]
[SourceVersion "1"]
[SourceVersionDate "2002.09.20"]
[SourceQuality "1"]

1. d4 Nf6 2. c4 e6 3. Nf3 b6 4. g3 Ba6 5. b3 Bb4+ 6. Bd2 Be7 7. Bg2 c6 8. O-O
d5 9. Qc2 O-O 10. Rd1 Nbd7 11. Bf4 Rc8 12. Nc3 Nh5 13. Bc1 f5 14. a4 (14. e3
Bd6 (14... h6 15. Bb2 Bd6 16. a4 Nhf6 17. a5 b5 18. c5 Bb8 19. Na2 Bb7 20. Nb4
a6 21. Ne5 g5 22. f3 g4 23. f4 {1/2-1/2 Tkachiev,V-Anastasian,A/Ohrid 2001/ 
(23)}) 15. a4 Nhf6 16. Ba3 Bxa3 17. Rxa3 Qe7 18. Qb2 dxc4 19. Bf1 Nd5 20. bxc4
Nxc3 21. Qxc3 c5 22. Ra2 Nf6 23. Ne5 Rfd8 24. Qe1 Nd7 25. Rad2 cxd4 26. exd4
Nxe5 {1/2-1/2 Kiss,A-Farago,I/Leiner 1996/ (26)}) (14. Bb2 Bd6 15. e3 Qe7 16.
a4 Nhf6 17. a5 Bb7 (17... b5 18. c5 Bc7 19. Na2 Ne4 20. Nb4 Nb8 21. Nd3 Nd7 22.
Nfe5 {1-0 Wojtkiewicz,A-Drazic,S/Nova Gorica 1997/ (43)}) 18. axb6 axb6 19. Ra7
Rc7 20. Rda1 Ne4 21. Ba3 Bxa3 22. R1xa3 Rfc8 23. Ra1 Qf8 {0-1 Vaulin,A-Shipov,
S/Minsk 1997/ (43)}) 14... Bb4 (14... Bd6 15. Ba3 Bxa3 16. Rxa3 Qe7 17. Raa1
Nhf6 18. a5 b5 19. c5 e5 20. dxe5 Nxe5 21. Nxe5 Qxe5 22. Na2 Rc7 23. Nb4 Bc8
24. e3 Qe8 25. Qc3 Re7 26. Qd4 Re4 27. Qc3 g5 {0-1 Ernst,S-Gofshtein,L/Haarlem
2000/ (52)}) 15. a5 $5 {[%mdl 4] Getting an advantage in this line is not easy,
white has to play very creatively.} bxa5 (15... Bxa5 $2 16. b4 $18) (15... dxc4
16. axb6 Qxb6 (16... cxb3 17. Qxb3 Qxb6 18. Na4 Qa5 19. Qxe6+ $18) 17. bxc4
Bxc4 18. Na2 Bxa2 19. Qxa2 c5 20. Ng5 Rfe8 21. d5 $16) 16. c5 Qc7 17. Bd2 (17.
Na2 Bb5 18. Nxb4 axb4 19. Re1 a5 $13) 17... Qb8 (17... Rb8 $5 18. Re1 (18. Ng5
Rfe8 19. Nxe6 Rxe6 20. Qxf5 Ree8 21. Nxd5 (21. Qxh5 Bxc3 22. Bxc3 Bxe2 23.
Bxd5+ cxd5 24. Qxd5+ Kh8 25. Bxa5 Qc8 $17) 21... cxd5 22. Bxd5+ Kh8 23. Bxb4
Rxb4 24. Qxh5 Nf6 25. Qg5 Bxe2 $17) 18... e5 19. Ng5 exd4 20. Ne6 Qc8 21. Nxd4
$15) 18. e3 e5 (18... Nhf6 19. Ng5 Rfe8 20. Na2 $11) 19. dxe5 Nxe5 (19... Nxc5
20. Be1 Ne4 21. Na2 Bxe1 22. Rxe1 Qb6 $15) 20. Nxe5 Qxe5 21. Na2 Bxd2 22. Qxd2
a4 (22... Rb8 23. Qxa5 Be2 24. Nb4 Rxb4 25. Qxb4 Bxd1 26. Rxd1 Rb8 27. Qa4 $14)
23. Nc3 (23. Nb4 Bb5 24. bxa4 Bc4 25. Rab1 Nf6 $11) 23... Qb8 24. Rxa4 Bb5 (
24... Bb7 25. Qd3 $14) 25. Nxb5 Qxb5 26. Qc2 {Nielsen hopes to break up the
pawn structure with the timely b4-b5 idea, black's task is to get the knight
back to the center.} (26. Rxa7 Qxc5 27. Rda1 Nf6 28. b4 Qd6 29. Qd4 $14) 26...
Rf7 (26... Rc7 27. Rdd4 Qb8 28. b4 g6 29. b5 cxb5 30. Bxd5+ Kh8 31. Ra1 $14)
27. Rda1 (27. Bh3 $5 g6 (27... Rcf8 28. Rda1 Qb8 29. Ra6 $16) 28. e4 dxe4 29.
Bf1 Qb8 30. Bc4 $16) 27... Qb8 28. b4 g6 29. Rb1 (29. Qd2 Nf6 30. Ra6 Ne4 31.
Qd4 Rcc7 $14) 29... Nf6 30. Ra6 Ne4 31. Bxe4 fxe4 (31... dxe4 32. Qc4 $14) 32.
Qa4 Qb7 (32... Rfc7 33. b5 Rb7 34. Qd4 Kf7 35. b6 $14) 33. b5 cxb5 $6 {Not yet
crucial, but this is certainly helping white as it weakens the d5 pawn.} (33...
Rcf8 $1 34. b6 (34. Rxc6 $2 Rxf2 35. b6 Qf7 36. Qd1 Qf5 37. Rc7 Ra2 38. Kh1 (
38. Qf1 Qh5 $19) 38... Qg5 $19) 34... axb6 35. Raxb6 (35. cxb6 Rxf2 36. Ra7 Qc8
37. Qa1 R2f7 38. b7 Qf5 39. b8=Q Qf2+ 40. Kh1 Qf3+ $11) 35... Qd7 36. Qxc6 Qxc6
37. Rxc6 Rxf2 38. Rd6 Re2 39. Rxd5 Rxe3 $14) 34. Rxb5 Qd7 (34... Qe7 35. Qd4
Qd7 36. c6 Qf5 (36... Rxc6 37. Rxc6 Qxc6 38. Rxd5 $16) 37. Qd2 Qf6 $14) 35. Rd6
Qf5 36. Qa2 Rd7 37. Qb2 (37. Rxd7 Qxd7 38. Qb3 Rc7 39. Rb8+ Kf7 40. Rh8 Ke6 41.
Qb8 $16) 37... Rcd8 (37... Qf3 $5 38. h3 (38. Qd2 Qf5) 38... Qd1+ 39. Kh2 Rf7
40. Rf6 Rxf6 41. Qxf6 Rf8 42. Rb8 Rxb8 43. Qe6+ Kg7 44. Qe5+ Kf7 45. Qxb8 $16)
38. Rb7 Qf3 (38... Rxb7 39. Rxd8+ $18) 39. h3 1-0

[Event "YUG-chT"]
[Site "Tivat"]
[Date "1995.??.??"]
[Round "2"]
[White "Shneider, Aleksandr"]
[Black "Sokolov, Andrei"]
[Result "1/2-1/2"]
[WhiteElo "2530"]
[BlackElo "2585"]
[Annotator "Gagarin,V"]
[PlyCount "53"]
[EventDate "1995.??.??"]
[EventType "team-swiss"]
[EventRounds "11"]
[EventCountry "YUG"]
[SourceTitle "CBM 048 Extra"]
[Source "ChessBase"]
[SourceDate "1995.11.01"]
[SourceVersion "1"]
[SourceVersionDate "1995.11.01"]
[SourceQuality "1"]

1. d4 Nf6 2. c4 e6 3. Nf3 b6 4. g3 Ba6 5. b3 Bb4+ 6. Bd2 Be7 7. Bg2 d5 8. cxd5
Nxd5 9. Nc3 O-O 10. Nxd5 exd5 11. O-O Nd7 12. Rc1 c5 13. Be3 (13. dxc5 bxc5 14.
Ne1 Nb6 15. a4 Rc8 16. a5 {Kasparov,G-Karpov,An/Moscow(wchm/14)/1984/0,5/16/})
13... Re8 14. Re1 Bb7 15. Rc2 (15. Nd2 Rc8 16. Nb1 Nf6 17. dxc5 bxc5 18. Nc3 {
Portisch,L-Timman,J/Tilburg/1983/0,5/41/} Qd7 19. Na4 d4 20. Bxb7 Qxb7 21. Bg5
Ne4 $10 (21... Nd7 $10 {Portisch/})) (15. Bh3 cxd4 16. Bxd4 Nf6 17. Rc2 Bb4 18.
Rf1 Ba6 19. Nh4 $5 (19. Bb2 Bf8 20. Nd4 Ne4 21. Qc1 Bc5 22. Rd1 Qf6 $1 $10 {
Karpov,An-Sokolov,A/Linares(m/2)/1987/1:0/61/}) 19... Bf8 $5 20. Nf5 Ne4 21.
Ne3 Qd6 22. Qc1 Rad8 23. Rd1 Qh6 $10 {Karpov,An-Sokolov,A/Linares(m/6)/1:0/90/}
) 15... a5 $5 (15... Bf8 16. Qc1 cxd4 17. Bxd4 Nc5 18. Rd1 $14 {Novikov,
I-Onischuk,A/Nikolaev(zt)/1995/0,5/27/}) 16. a4 $146 (16. Qc1 a4 17. Rd1 (17.
Bh3 axb3 18. axb3 cxd4 19. Nxd4 Ba3 $5 (19... Nc5 20. Rd1 Bf6 21. b4 $1 $16 {
Olafsson,H-Hansen,C/Gausdal(zt)/1985/0,5/40/}) 20. Qd2 Nc5 $13 {Taimanov/})
17... axb3 18. axb3 Bf6 19. Ne1 h6 20. Bf3 Qe7 21. Qd2 Ra3 $132 {Karpov,
An-Kasparov,G/Moscow(wchm/15)1984/0,5/93/}) (16. Bh3 $5) 16... h6 17. Bh3 cxd4
18. Nxd4 {/\ Nc6/} (18. Bxd4 Nc5 $132) 18... Bb4 (18... Nc5 $5) 19. Rf1 Bc5 20.
Bc1 Nf6 21. Bb2 Ne4 22. e3 Bc8 (22... Ng5 23. Bg2 Bc8 {-22...Bc8/}) 23. Bg2 Ng5
$6 (23... Ba6 $5 24. Re1 Qd7 25. Qh5 Nf6 26. Qh4 $14) 24. Nf3 $6 (24. Nc6 $1
Qd6 25. Qxd5 $16) 24... Ne4 (24... Bf5 $5 25. Rd2 Be4 $132) 25. Nd4 Ng5 $6 26.
Nf3 $6 Ne4 27. Nd4 1/2-1/2

[Event "Parnu-B"]
[Site "Parnu"]
[Date "1996.02.09"]
[Round "7"]
[White "Epishin, Vladimir"]
[Black "Kengis, Edvins"]
[Result "1/2-1/2"]
[WhiteElo "2645"]
[BlackElo "2570"]
[Annotator "Gagarin,V"]
[PlyCount "68"]
[EventDate "1996.02.??"]
[EventType "tourn"]
[EventRounds "9"]
[EventCountry "EST"]
[EventCategory "10"]
[SourceTitle "CBM 052"]
[Source "ChessBase"]
[SourceDate "1996.06.01"]
[SourceVersion "1"]
[SourceVersionDate "1996.06.01"]
[SourceQuality "1"]

1. d4 Nf6 2. c4 e6 3. Nf3 b6 4. g3 Ba6 5. b3 b5 6. cxb5 Bxb5 7. Bg2 Bc6 8. O-O
Be7 9. Bg5 (9. Nc3 O-O 10. Bb2 a5 11. Ne1 d5 $5 12. Nd3 Nbd7 13. Rc1 Bd6 14.
Rc2 a4 15. bxa4 Nb6 $10 {Duchov,A-Kiselev,S/Moscow/1992/0,5/36/}) 9... a5 {N/}
(9... O-O 10. Nc3 (10. Bxf6 Bxf6 11. Nc3 d5 $1 12. Qc2 a5 13. e4 dxe4 14. Nxe4
Bxe4 15. Qxe4 Ra6 16. Rac1 Rd6 $1 17. Rc4 c6 18. Ne5 Qb6 $10 {Alterman,
B-Karpov,An/Tyniste n. Orlici/1995/0:1/59/}) 10... Nd5 11. Bxe7 Qxe7 12. Qc2
Nxc3 13. Qxc3 a5 14. a3 $14 {Karpov/}) 10. Qc2 (10. Nc3 $5 $14) 10... Na6 11.
Nc3 Nb4 12. Qb2 O-O 13. a3 $14 Na6 $5 (13... Nbd5 14. Ne5 Bb7 (14... Nxc3 15.
Bxc6 (15. Nxc6 dxc6 (15... Nxe2+ $6 16. Qxe2 dxc6 17. Bxc6 Rb8 18. Qc4 $16) 16.
Qxc3 Nd5 17. Bxd5 cxd5 18. Bxe7 Qxe7 19. Rfc1 $14 {>< a5,c7/}) 15... dxc6 16.
Nxc6 Nxe2+ (16... Bxa3 $6 17. Qxc3 Nd5 (17... Ne4 18. Qc2 Qxg5 19. Rxa3 $16 {
>< a5/}) 18. Nxd8 $5 (18. Qc2 Qxg5 19. Rxa3 $14) 18... Nxc3 19. Rxa3 Nxe2+ 20.
Kg2 h6 21. Be7 Rfxd8 22. Bxd8 Rxd8 23. Rxa5 Nxd4 24. Rd1 $16) 17. Qxe2 Qd7 18.
Qc2 $14) 15. Qc2 d6 16. Nxd5 Nxd5 17. Bxe7 Qxe7 18. Nd3 $14 (18. Nc6 $2 Qd7 19.
Bxd5 exd5 20. Rfc1 Ra6 $17)) 14. Qc2 d5 (14... h6 $5 15. Bxf6 Bxf6 16. Ne4 Bxe4
17. Qxe4 c5 $14) 15. Ne5 Be8 16. e4 $1 (16. Rfc1 c5 17. e3 h6 18. Bxf6 Bxf6 19.
Ne2 Bb5 $5 20. Nc3 Be8 $10) 16... c6 17. Rfd1 (17. exd5 $5 cxd5 18. Rfc1 $14)
17... h6 (17... Rb8 18. Nd3 $5 dxe4 19. Nxe4 Nxe4 20. Bxe7 Qxe7 21. Bxe4 $16 {
>< c6/}) 18. Be3 (18. Bxf6 $5 Bxf6 19. Na4 $14) 18... Nc7 $1 {/\ de, Nd5/} (
18... Rb8 $14) 19. Nd3 (19. Rdc1 $5 $14) 19... dxe4 20. Nxe4 Nxe4 21. Bxe4 Nd5
$1 (21... Nb5 $6 22. Nc5 Bf6 23. Bg2 $5 $14 (23. Qd2 $14) 23... Nxd4 (23...
Bxd4 $4 24. Bxd4 Nxd4 25. Qe4 $18) 24. Qc4 e5 25. f4 $36) 22. Bd2 Nf6 $1 (22...
Rb8 23. Nc5 $14) 23. Bf3 Qxd4 24. Be3 Qd8 25. Ne5 Qc8 (25... Nd5 26. Nxc6 Bxc6
27. Qxc6 Rc8 28. Qa6 Bf6 29. Rac1 $14) 26. Bc5 (26. Nxc6 $5 Bxc6 27. Bxc6 Ra6
28. Rdc1 $14) 26... Bxc5 27. Qxc5 Nd5 28. Nc4 (28. Rac1 $6 Qb8 $132) 28... Qa6
29. Rac1 Qa7 30. Qxa7 (30. Qd6 $5 $44) 30... Rxa7 31. Ne5 Rb7 32. Nxc6 (32. Rd3
Rb6 $5) 32... Bxc6 33. Rxc6 Rxb3 34. Bxd5 exd5 (34... exd5 35. Rxd5 Ra8 36. a4
Rb4 37. Rc7 Rxa4 38. Rdd7 Rf8 39. Ra7 $10) 1/2-1/2

[Event "FIDE World Cup"]
[Site "Khanty-Mansiysk"]
[Date "2005.12.09"]
[Round "5.1"]
[White "Gelfand, Boris"]
[Black "Grischuk, Alexander"]
[Result "1-0"]
[WhiteElo "2717"]
[BlackElo "2720"]
[Annotator "Gelfand,B"]
[PlyCount "73"]
[EventDate "2005.11.27"]
[EventType "k.o."]
[EventRounds "7"]
[EventCountry "RUS"]
[SourceTitle "CBM 111"]
[Source "ChessBase"]
[SourceDate "2006.04.04"]
[SourceVersion "1"]
[SourceVersionDate "2006.04.04"]
[SourceQuality "1"]

1. d4 {Gershon} Nf6 2. c4 e6 3. Nf3 b6 4. g3 Ba6 5. b3 Bb4+ 6. Bd2 Be7 7. Nc3
c6 8. e4 d5 9. Qc2 (9. cxd5 {Gershon} Bxf1 10. Kxf1 cxd5 11. e5 Ne4 12. Qe2
Nxc3 13. Bxc3 Qc8 {with a French structure, but only without the french bishop
on c8. 0-1 Van Wely,L (2687) -Beliavsky,A (2630)/Minneapolis USA 2005/The Week
in Chess 550 (69)}) 9... dxe4 10. Nxe4 c5 $1 {Gershon: 'Technically, this is
not a novelty, but it's the first time this move is played between
Grandmasters. The plan is logical to open the long diagonal before the white
bishop gets there, hoping to disturb White's development.'} ({Another point of
Black's move is to prevent the idea played by Topalov in his game vs. Anand
earlied that year:} 10... Bb7 {Gershon} 11. Neg5 c5 12. d5 exd5 13. cxd5 h6 14.
Nxf7 $1 Kxf7 15. O-O-O $3 {1-0 Topalov,V (2778)-Anand,V (2785)/Sofia BUL 2005/
The Week in Chess 550 (52).}) ({The more passive:} 10... Nbd7 {Gershon doesn't
help Black in solving his opening problems either:} 11. Bg2 Nxe4 12. Qxe4 Bb7
13. Rd1 Nf6 14. Qe2 c5 15. O-O cxd4 16. Bf4 $1 O-O 17. Nxd4 {with advantage
for White. 1-0 Huzman,A (2577)-Bakker,S (2300)/Amsterdam 2005/CBM 107 ext}) 11.
dxc5 $2 Bb7 12. Bd3 bxc5 $2 (12... Nbd7 $1 13. O-O (13. b4 a5) 13... Nxc5 14.
Nxc5 Bxf3 15. Ne4 Qd7 $15) (12... Na6 $5 13. b4 (13. O-O Nxc5 {- 12...Nbd7})
13... bxc5 14. b5 Nb4 15. Bxb4 cxb4 $15) 13. Bc3 {Gershon: 'Black managed to
achieve quite a few things with the early c5, but White is still better - he
has better pieces and a better pawn structure.'} Qb6 ({in a previous game to
reach this position Black played} 13... Nbd7 {Gershon} 14. O-O-O Qc7 15. Rhe1
h6 16. Bb2 Nxe4 17. Bxe4 Bf6 {with advantage for White, and his loss
eventually had nothing to do with the opening. 0-1 Brkic,A (2403)-Huss,A (2347)
/Pula 2003/CBM 094 ext}) 14. O-O-O (14. Ne5 Nc6 $11 (14... Nxe4 15. Bxe4 f6 16.
Bxh7 fxe5 17. Qg6+ Kd7 18. O-O-O+ Kc8 19. Qxg7 $40)) 14... Nc6 (14... a5 $5 15.
Ne5 h6) 15. Rhe1 {Gershon: 'Like in the books - putting the pieces in the
center.'} Rd8 ({Gershon: Correct was} 15... Nd4 16. Nxd4 (16. Bxd4 {Gershon}
cxd4 17. Nxf6+ Bxf6 18. Be4 Bxe4 19. Qxe4 O-O {and Black has good play on the
queenside.}) 16... cxd4 17. c5 Bxc5 (17... Nxe4 18. cxb6 Nxc3 19. Be4) 18. Nxc5
dxc3 (18... Qxc5 19. Bxd4) 19. Nxb7 Qxb7 20. Be4 $1 Nxe4 21. Qxe4 $14) ({
Gershon: After} 15... O-O-O 16. Ne5 {Gershon: 'Black's king doesn't feel safe
on the queenside.'} (16. Neg5 Rhf8) 16... Nxe5 17. Bxe5 h6 $14 (17... Rd7 $5))
(15... Nb4 16. Bxb4 cxb4 $1 (16... Qxb4 17. Ne5 h6 18. Nxf6+ Bxf6 (18... gxf6
19. Nxf7 Kxf7 20. Bg6+ Kf8 21. Rxe6 $18) 19. Ng6 fxg6 (19... Rg8 20. Bf5) 20.
Bxg6+ Kf8 (20... Ke7 21. Rxe6+) 21. Rxe6 $40 h5 (21... Kg8 22. Rd7 Rf8 $2 23.
Rxf6 $18 {Ulibin,M}) 22. Rde1 Bc6 23. Qd3 Qc3+ 24. Qxc3 Bxc3 25. R1e3 $16) 17.
Ne5 (17. Nxf6+ Bxf6 18. Ne5 (18. Be4 Bxe4 19. Qxe4 O-O 20. Ne5 Bxe5 21. Qxe5
Qxf2 $13) 18... Qd4 19. f4 (19. c5 Ke7) 19... Qa1+ 20. Kd2 Qd4 $11) (17. c5
Bxc5) 17... Bxe4 (17... Qd4 18. Nxf7 Qa1+ 19. Kd2 Nxe4+ 20. Bxe4 Bxe4 21. Rxa1
Bxc2 22. Nxh8 Bf5) 18. Bxe4 Rc8 $132) 16. Ne5 Nb4 $2 (16... Nxe5 17. Bxe5 Bxe4
18. Bxe4 O-O (18... Nxe4 19. Rxd8+ Bxd8 20. Qxe4 O-O 21. Rd1 $14) 19. Bf3 Nd7
20. Bf4 $13) (16... h6 $5) (16... Nxe4 {Gershon} 17. Bxe4 Nd4 (17... Nb4 $2 18.
Rxd8+ Bxd8 19. Qd2) 18. Bxd4 cxd4 19. Bxb7 Qxb7 20. Qe4 $1 Qb4 21. Kb1 {
and White has a substantial advantage.}) 17. Bxb4 Nxe4 (17... Qxb4 18. Ng5) 18.
Ba3 {'!' Gershon.} ({Gershon: The is no point to exchange a potentially good
bishop for a knight with no future:} 18. Bxe4 Qxb4 19. Bc6+ (19. Rxd8+ {Gershon
} Bxd8 {with a perfectly decent position for Black.}) (19. Nc6 {Gershon} Qa3+
20. Kb1 Rxd1+ 21. Rxd1 Bf6 {and Black is by no means worse.}) 19... Bxc6 20.
Nxc6 Rxd1+ 21. Rxd1 Qb7 22. Nxe7 (22. Ne5 Bf6) 22... Qxe7 $14) 18... Ng5 $2 (
18... Nf6 19. Bb2 a5 20. g4 a4 21. f4 $40) 19. Bb2 $2 (19. Qe2 $1 {Gershon:
'Preventing f6 and Nf3 was a much stronger alternative. Actually, White is
threatening to win a knight with f4 now. The next is pretty much forced:'} Qa5
(19... Rd4 20. Bb2) (19... O-O 20. f4 f6 21. fxg5 fxe5 22. Bxh7+ Kxh7 23. Qh5+
Kg8 24. g6 $18) (19... f5 {Gershon} 20. f4 Nf7 21. Nxf7 Kxf7 22. Bxf5 $1 {
with a decisive advantage.}) 20. Bb2 Qxa2 21. h4 $18) 19... Bf6 $2 {Gershon:
'Returning the favor.'} (19... Nf3 $142 20. Nxf3 Bxf3 21. Bxg7 Rg8 22. Bc3 Bxd1
23. Rxd1 $44) (19... f6 {Gershon} 20. h4 (20. Bg6+ hxg6 21. Qxg6+ Kf8 22. Nd7+
Rxd7 23. Rxd7 Rh6 $17) (20. f4 fxe5 21. fxg5 Bxg5+ 22. Kb1 Bf3 23. Bxh7 Rxd1+
24. Rxd1 Bxd1 25. Bg6+ Ke7 26. Qxd1 Rxh2) 20... fxe5 21. hxg5 Bxg5+ 22. Kb1)
20. Re3 {'!' Gershon. Gershon: 'A very strong move, realizing the importance
of the square f3 as a transfer point for Black's knight, on his way to d4.'}
Bxe5 21. Bxe5 f6 $2 {Gershon: 'White is ready to meet Nf3 now, but f6 creates
additional weaknesses in Black's camp.'} (21... O-O 22. f4 Nf3 23. Bxh7+ Kh8
24. Bd3 $16) 22. Bc3 $18 Nf3 23. Qe2 Ne5 24. Bxe5 fxe5 25. Qh5+ Kf8 26. Qxe5
Kf7 27. Rde1 Rd6 28. Qh5+ Kf6 29. Bxh7 Rf8 30. f4 Ke7 31. Qg5+ Rf6 32. Qxg7+
Rf7 33. Qg5+ Kd7 34. Bc2 Kc7 35. Qe5 Kd8 36. f5 Bc8 37. Rd3 1-0